[Event "37. Copenhagen Open (Politiken Cup)"]
[Site "Elsinore"]
[Date "2015.07.28"]
[Round "5"]
[White "Moller, Arne"]
[Black "Nielsen, Viktor"]
[Result "0-1"]
[WhiteElo "1787"]
[BlackElo "2069"]
[PlyCount "90"]
[EventDate "2015.07.25"]
[EventType "swiss"]
[EventRounds "10"]
[EventCountry "DEN"]
[Source "ChessBase"]
[SourceDate "2015.09.14"]

1. e4 e5 2. Nf3 Nc6 3. Nc3 Nf6 4. Bb5 Bb4 5. O-O O-O 6. d3 d6 7. h3 Bxc3 8.
bxc3 Ne7 9. Bc4 Ng6 10. Bg5 h6 11. Be3 Re8 12. Nh2 d5 13. exd5 Nxd5 14. Qh5 Be6
15. Bxd5 Bxd5 16. c4 Bc6 17. Rad1 Qh4 18. Qf5 Nf4 19. Bxf4 Qxf4 20. Qxf4 exf4
21. Rd2 Re7 22. f3 f5 23. Kf2 Rae8 24. Rfd1 Ba4 25. Rb1 b6 26. Rb4 Bc6 27. Rb1
g5 28. d4 Re3 29. d5 Bb7 30. Nf1 Ba6 31. d6 cxd6 32. Rxd6 Re2+ 33. Kg1 Rxc2 34.
Rd7 Bxc4 35. Rxa7 b5 36. Rd1 Rxa2 37. Rc7 Rae2 38. Rdd7 Kf8 39. Rh7 R2e7 40.
Nd2 Rxc7 41. Rxc7 Re1+ 42. Kh2 Be6 43. Rc2 Ke7 44. Rb2 Re5 45. Nb1 Kd6 0-1

[Event "37. Copenhagen Open (Politiken Cup)"]
[Site "Elsinore"]
[Date "2015.07.28"]
[Round "5"]
[White "Myhre, Mads Wollan"]
[Black "Nielsen, Andre"]
[Result "1/2-1/2"]
[WhiteElo "1686"]
[BlackElo "1963"]
[PlyCount "68"]
[EventDate "2015.07.25"]
[EventType "swiss"]
[EventRounds "10"]
[EventCountry "DEN"]
[Source "ChessBase"]
[SourceDate "2015.09.14"]

1. c4 e5 2. g3 Nc6 3. Bg2 f5 4. Nc3 Nf6 5. e3 Bc5 6. Nge2 d6 7. d4 Bb6 8. O-O
O-O 9. a3 a6 10. b4 Qe8 11. c5 dxc5 12. dxc5 Ba7 13. Bb2 Be6 14. Qc2 Qf7 15.
Nc1 f4 16. N3e2 Nd5 17. exf4 exf4 18. Bxd5 Bxd5 19. Nxf4 Bc4 20. Re1 Rae8 21.
Ncd3 b6 22. Ne5 Nxe5 23. Rxe5 Rxe5 24. Bxe5 bxc5 25. bxc5 Bb3 26. Qc3 g5 27.
Nd3 Bd5 28. f4 Rb8 29. Qa5 Bc4 30. Nf2 Rb5 31. Qxc7 Qxc7 32. Bxc7 Rxc5 33. Bd6
Rd5 34. Rc1 Rd2 1/2-1/2

[Event "37. Copenhagen Open (Politiken Cup)"]
[Site "Elsinore"]
[Date "2015.07.28"]
[Round "5"]
[White "Naroditsky, Daniel"]
[Black "Glud, Jakob Vang"]
[Result "1/2-1/2"]
[WhiteElo "2622"]
[BlackElo "2531"]
[PlyCount "47"]
[EventDate "2015.07.25"]
[EventType "swiss"]
[EventRounds "10"]
[EventCountry "DEN"]
[Source "ChessBase"]
[SourceDate "2015.09.14"]

1. e4 e5 2. Nf3 Nc6 3. Bb5 a6 4. Ba4 Nf6 5. O-O Be7 6. Re1 b5 7. Bb3 d6 8. c3
O-O 9. h3 Na5 10. Bc2 c5 11. d4 Qc7 12. Nbd2 Bd7 13. Nf1 Nc4 14. Ne3 Nxe3 15.
Bxe3 Rfe8 16. d5 c4 17. Nh2 a5 18. a3 Rab8 19. Bd2 h6 20. Nf1 Nh7 21. Ne3 Bg5
22. Kh2 Qc8 23. Rg1 Rf8 24. Qe2 1/2-1/2

[Event "37. Copenhagen Open (Politiken Cup)"]
[Site "Elsinore"]
[Date "2015.07.28"]
[Round "5"]
[White "Neu, Alexandre"]
[Black "Tandrup, Michael"]
[Result "0-1"]
[WhiteElo "1741"]
[BlackElo "1960"]
[PlyCount "40"]
[EventDate "2015.07.25"]
[EventType "swiss"]
[EventRounds "10"]
[EventCountry "DEN"]
[Source "ChessBase"]
[SourceDate "2015.09.14"]

1. e4 e6 2. d4 d5 3. Nc3 dxe4 4. Nxe4 Nd7 5. Bd3 Ngf6 6. Nxf6+ Nxf6 7. Nf3 Be7
8. Qe2 O-O 9. Bd2 c5 10. dxc5 Bxc5 11. O-O-O Qb6 12. Rdf1 Bd7 13. g4 Bc6 14. g5
Nd7 15. h4 e5 16. Nxe5 Nxe5 17. Qxe5 Bd4 18. Qf5 g6 19. Qa5 Qxb2+ 20. Kd1 Bf3+
0-1

[Event "37. Copenhagen Open (Politiken Cup)"]
[Site "Elsinore"]
[Date "2015.07.28"]
[Round "5"]
[White "Nielsen, Carsten Juul"]
[Black "Borg, Flemming"]
[Result "1-0"]
[WhiteElo "2023"]
[BlackElo "1800"]
[PlyCount "71"]
[EventDate "2015.07.25"]
[EventType "swiss"]
[EventRounds "10"]
[EventCountry "DEN"]
[Source "ChessBase"]
[SourceDate "2015.09.14"]

1. d4 Nf6 2. c4 d6 3. Nc3 Nbd7 4. g3 e5 5. Bg2 Be7 6. Nf3 c6 7. Qc2 Qc7 8. O-O
Nf8 9. Rd1 Ng6 10. b4 h5 11. h4 Ng4 12. b5 O-O 13. Bg5 f5 14. Bxe7 Nxe7 15.
bxc6 bxc6 16. dxe5 dxe5 17. Ng5 g6 18. c5 Rb8 19. Rd6 Kg7 20. Qd3 f4 21. Be4
fxg3 22. fxg3 Nf2 23. Qc4 Nh3+ 24. Nxh3 Bxh3 25. Rad1 Kh6 26. Qd3 Rg8 27. Qd2+
Kh7 28. Qg5 Rg7 29. Qxh5+ Kg8 30. Bxg6 Nxg6 31. Rxg6 Qf7 32. Rxg7+ Qxg7 33. Qg5
Rb7 34. Rd8+ Kh7 35. Qh5+ Qh6 36. Rh8+ 1-0

[Event "37. Copenhagen Open (Politiken Cup)"]
[Site "Elsinore"]
[Date "2015.07.28"]
[Round "5"]
[White "Nielsen, Hogni Egilstoft"]
[Black "Vesterli, Michael E"]
[Result "1-0"]
[WhiteElo "2338"]
[BlackElo "2067"]
[PlyCount "57"]
[EventDate "2015.07.25"]
[EventType "swiss"]
[EventRounds "10"]
[EventCountry "DEN"]
[Source "ChessBase"]
[SourceDate "2015.09.14"]

1. e4 c5 2. Nf3 d6 3. Bb5+ Bd7 4. Bxd7+ Qxd7 5. c4 b5 6. cxb5 Qxb5 7. Nc3 Qd7
8. d4 cxd4 9. Nxd4 g6 10. Be3 Nf6 11. Rc1 Na6 12. Ncb5 Nxe4 13. Rc6 Nec5 14. b4
Nxb4 15. Rc7 Qd8 16. a3 Nba6 17. Nc6 Nxc7 18. Nxd8 Nxb5 19. Nxf7 Rg8 20. Ng5
Bh6 21. Qd5 O-O-O 22. Qc6+ Nc7 23. Bxc5 Bxg5 24. Bxa7 d5 25. Bb6 Bf4 26. O-O
Rgf8 27. Bxc7 Bxc7 28. Rc1 Rd7 29. Qa8# 1-0

[Event "37. Copenhagen Open (Politiken Cup)"]
[Site "Elsinore"]
[Date "2015.07.28"]
[Round "5"]
[White "Nielsen, Kai Gylling"]
[Black "Mott, Jens"]
[Result "0-1"]
[WhiteElo "1761"]
[BlackElo "1953"]
[PlyCount "132"]
[EventDate "2015.07.25"]
[EventType "swiss"]
[EventRounds "10"]
[EventCountry "DEN"]
[Source "ChessBase"]
[SourceDate "2015.09.14"]

1. Nf3 d5 2. d4 Nf6 3. Bf4 e6 4. Nbd2 Nh5 5. Bg3 Be7 6. e3 Nxg3 7. hxg3 Nd7 8.
Bd3 h6 9. Qe2 c5 10. c3 c4 11. Bc2 f5 12. Nh4 Nf6 13. Ng6 Rg8 14. Ne5 Qa5 15.
Ndf3 Bd7 16. Ng6 Bd6 17. Nfe5 Bc7 18. f3 Bd6 19. Kf2 Qc7 20. f4 Bc6 21. g4 Bxe5
22. Nxe5 Ne4+ 23. Bxe4 fxe4 24. g5 O-O-O 25. g6 Rdf8 26. Qg4 Qe7 27. b4 Ba4 28.
Rh5 Rf6 29. Rb1 a6 30. Nf7 Bd7 31. Ne5 Be8 32. a4 Bxa4 33. Ra1 Bb5 34. Nf7 Kc7
35. Qg3 Rf5 36. Rah1 Be8 37. Ne5 Qf6 38. Ke2 Rf8 39. R1h4 Qe7 40. Rh3 b6 41.
R5h4 Kb7 42. Rg4 Rg8 43. Qh2 a5 44. bxa5 bxa5 45. Qg1 Qa3 46. Qb1+ Ka7 47. Nxc4
dxc4 48. Qxe4 Qd6 49. Rh1 Rb5 50. Ra1 Rb2+ 51. Kf1 a4 52. Qe5 Qxe5 53. dxe5 Rd2
54. e4 Rf8 55. Kg1 Bc6 56. g3 Ka6 57. f5 exf5 58. Rf4 Bxe4 59. Rxa4+ Kb5 60.
Ra7 Rfd8 61. Ra1 Rd1+ 62. Rxd1 Rxd1+ 63. Kf2 Rd5 64. Rh4 Rxe5 65. g4 fxg4 66.
Rxg4 Re6 0-1

[Event "37. Copenhagen Open (Politiken Cup)"]
[Site "Elsinore"]
[Date "2015.07.28"]
[Round "5"]
[White "Nielsen, Morten"]
[Black "Nielsen, Thomas Bach"]
[Result "1-0"]
[WhiteElo "1942"]
[BlackElo "2193"]
[PlyCount "82"]
[EventDate "2015.07.25"]
[EventType "swiss"]
[EventRounds "10"]
[EventCountry "DEN"]
[Source "ChessBase"]
[SourceDate "2015.09.14"]

1. e4 c6 2. c4 d5 3. cxd5 cxd5 4. exd5 Nf6 5. Bb5+ Nbd7 6. Nc3 a6 7. Bxd7+ Qxd7
8. Qb3 Qg4 9. Kf1 e6 10. Nf3 exd5 11. Nxd5 Nxd5 12. Qxd5 Be6 13. Qe5 Rd8 14. d4
Bd6 15. Qg5 Qe4 16. Bd2 O-O 17. Re1 Qd3+ 18. Kg1 Bxa2 19. Bc3 Rde8 20. h4 Rxe1+
21. Nxe1 Qb1 22. Rh3 b5 23. Qd2 Be6 24. Qd3 Qc1 25. Re3 b4 26. Qd2 Qxd2 27.
Bxd2 a5 28. d5 Bf5 29. Nf3 Bc5 30. Re5 Bg4 31. d6 Bxd6 32. Rxa5 Bxf3 33. gxf3
Rb8 34. b3 Kf8 35. Ra6 Ke7 36. Rxd6 Kxd6 37. Bf4+ Kd5 38. Bxb8 Kd4 39. Bd6 Kc3
40. Be5+ Kxb3 41. Bxg7 Kc2 1-0

[Event "37. Copenhagen Open (Politiken Cup)"]
[Site "Elsinore"]
[Date "2015.07.28"]
[Round "5"]
[White "Nielsen, Palle"]
[Black "Skjolingstad, Sverre"]
[Result "0-1"]
[WhiteElo "1751"]
[BlackElo "1519"]
[PlyCount "146"]
[EventDate "2015.07.25"]
[EventType "swiss"]
[EventRounds "10"]
[EventCountry "DEN"]
[Source "ChessBase"]
[SourceDate "2015.09.14"]

1. e4 c5 2. c4 d6 3. Nc3 Nf6 4. Nf3 e6 5. d3 Be7 6. Be2 Nc6 7. O-O a6 8. h3 Rb8
9. b3 O-O 10. Bb2 b5 11. Qd2 bxc4 12. dxc4 Bb7 13. Bd3 Qc7 14. Rad1 Rfd8 15.
Bb1 Rd7 16. Qe3 Nb4 17. a3 Nc6 18. Ne2 Rbd8 19. Ng3 d5 20. e5 d4 21. Qf4 h6 22.
Bc1 Nh7 23. Bxh7+ Kxh7 24. Qxf7 Nxe5 25. Nxe5 Qxe5 26. Rfe1 Qf6 27. Qxe6 Qxe6
28. Rxe6 Bf6 29. Rd3 Rd6 30. Rxd6 Rxd6 31. a4 Re6 32. Kf1 Re5 33. Bf4 Re6 34.
Bc1 Re5 35. Bd2 g5 36. f4 gxf4 37. Bxf4 Re6 38. Nh5 Bh4 39. Bg3 Be4 40. Rd2
Bxg3 41. Nxg3 Rf6+ 42. Kg1 Bg6 43. Ne2 Rb6 44. Nc1 Kg7 45. Nd3 Bxd3 46. Rxd3
Kf7 47. Kf2 Kf6 48. Ke2 Re6+ 49. Kd2 Ke7 50. a5 Rg6 51. g3 Rf6 52. Ke2 Re6+ 53.
Kd2 Rf6 54. Ke1 Kd6 55. g4 Ke5 56. Ke2 Ke4 57. Rg3 Rg6 58. Rf3 Re6 59. Rf5 Rc6
60. Kd2 Rc7 61. Rf6 Rb7 62. Rb6 Rf7 63. Rxa6 Rf2+ 64. Ke1 Rf3 65. Re6+ Kd3 66.
Rxh6 Kc2 67. a6 d3 68. Rd6 Rxh3 69. a7 Rh8 70. g5 Ra8 71. Rd7 Rxa7 72. Rxa7 d2+
73. Kf2 d1=Q 0-1

[Event "37. Copenhagen Open (Politiken Cup)"]
[Site "Elsinore"]
[Date "2015.07.28"]
[Round "5"]
[White "Nilsen, Tobias Lang"]
[Black "Moe, Mogens"]
[Result "0-1"]
[WhiteElo "1855"]
[BlackElo "2070"]
[PlyCount "56"]
[EventDate "2015.07.25"]
[EventType "swiss"]
[EventRounds "10"]
[EventCountry "DEN"]
[Source "ChessBase"]
[SourceDate "2015.09.14"]

1. e4 c5 2. Nf3 e6 3. d4 cxd4 4. Nxd4 Nc6 5. c4 Nf6 6. Nc3 Bb4 7. Qd3 O-O 8.
Be2 d5 9. cxd5 exd5 10. exd5 Qxd5 11. Nxc6 Qxg2 12. Bf3 Re8+ 13. Kd1 Bg4 14.
Bxg4 Qxh1+ 15. Kc2 bxc6 16. Bf3 Qxh2 17. Bxc6 Qxf2+ 18. Kb3 Red8 19. Qa6 Rab8
20. Nb5 Bc5 21. a4 Rb6 22. Qa5 Rd3+ 23. Kc4 Qc2+ 24. Nc3 Rxc6 25. Qb5 Rc8 26.
Qb7 Rdd8 27. Qf3 Be3+ 28. Kb4 Bxc1 0-1

[Event "37. Copenhagen Open (Politiken Cup)"]
[Site "Elsinore"]
[Date "2015.07.28"]
[Round "5"]
[White "Nilssen, Ellen Fredericia"]
[Black "Van den Boogaart, Jan Maarten"]
[Result "1/2-1/2"]
[WhiteElo "1819"]
[BlackElo "2024"]
[PlyCount "50"]
[EventDate "2015.07.25"]
[EventType "swiss"]
[EventRounds "10"]
[EventCountry "DEN"]
[Source "ChessBase"]
[SourceDate "2015.09.14"]

1. d4 d5 2. c4 c6 3. Nc3 Nf6 4. Nf3 dxc4 5. a4 Bf5 6. e3 e6 7. Bxc4 Bb4 8. O-O
O-O 9. Nh4 Nbd7 10. h3 Qe7 11. Nxf5 exf5 12. Qf3 g6 13. g4 fxg4 14. hxg4 Rae8
15. Rd1 h5 16. gxh5 Nxh5 17. Qg4 Kg7 18. Ne2 Nhf6 19. Qg2 Rh8 20. Ng3 Ng4 21.
Qf3 Ndf6 22. e4 Nh2 23. Qg2 Nhg4 24. Qf3 Nh2 25. Qg2 Nhg4 1/2-1/2

[Event "37. Copenhagen Open (Politiken Cup)"]
[Site "Elsinore"]
[Date "2015.07.28"]
[Round "5"]
[White "Nilssen, John Arni"]
[Black "Kristiansen, Jesper2"]
[Result "1-0"]
[WhiteElo "2285"]
[BlackElo "2051"]
[PlyCount "103"]
[EventDate "2015.07.25"]
[EventType "swiss"]
[EventRounds "10"]
[EventCountry "DEN"]
[Source "ChessBase"]
[SourceDate "2015.09.14"]

1. c4 c5 2. g3 Nc6 3. Bg2 g6 4. Nc3 Bg7 5. a3 e5 6. b4 d6 7. Rb1 Nge7 8. d3 O-O
9. Bg5 Qd7 10. bxc5 dxc5 11. Ne4 f6 12. Nxc5 Qd6 13. Be3 b6 14. Ne4 Qc7 15. c5
bxc5 16. Bxc5 Be6 17. Nf3 Rab8 18. O-O Rxb1 19. Qxb1 Rb8 20. Qc1 Qa5 21. Nfd2
Nd4 22. Bxd4 exd4 23. Qc5 Qxc5 24. Nxc5 Ba2 25. Bb7 f5 26. Ra1 Bf7 27. Rb1 Nd5
28. Kf1 Nc3 29. Rb2 Bf8 30. Nd7 Bxa3 31. Nxb8 Bxb2 32. Nc6 Nb5 33. Ba6 Nc7 34.
Bc4 a6 35. Nb3 Nb5 36. Bxb5 axb5 37. Ncxd4 b4 38. Ke1 Bc3+ 39. Kd1 Kf8 40. f4
Ke7 41. e4 fxe4 42. dxe4 Be8 43. Kc2 Ba4 44. Kd3 Be8 45. Nd2 Kd6 46. Nc4+ Ke7
47. Ne5 Kd6 48. Kc4 Ba4 49. Nd3 Bd2 50. Nxb4 Be3 51. Nd5 Bd1 52. Nxe3 1-0

[Event "37. Copenhagen Open (Politiken Cup)"]
[Site "Elsinore"]
[Date "2015.07.28"]
[Round "5"]
[White "Nordin, Eric"]
[Black "Andersen, Torben Bodskov"]
[Result "0-1"]
[WhiteElo "1899"]
[BlackElo "2106"]
[PlyCount "34"]
[EventDate "2015.07.25"]
[EventType "swiss"]
[EventRounds "10"]
[EventCountry "DEN"]
[Source "ChessBase"]
[SourceDate "2015.09.14"]

1. e4 c6 2. d4 d5 3. Nd2 dxe4 4. Nxe4 Nf6 5. Nxf6+ gxf6 6. Bf4 Bf5 7. Nf3 e6 8.
Bd3 Bg6 9. Qe2 Bd6 10. Bxd6 Qxd6 11. O-O-O Nd7 12. Bxg6 hxg6 13. Rd3 O-O-O 14.
Rhd1 Nb6 15. Kb1 Nd5 16. g3 g5 17. Ra3 Qxa3 0-1

[Event "37. Copenhagen Open (Politiken Cup)"]
[Site "Elsinore"]
[Date "2015.07.28"]
[Round "5"]
[White "Norevall, Ulf"]
[Black "Fedchuk, Kirill"]
[Result "1/2-1/2"]
[WhiteElo "1905"]
[BlackElo "1631"]
[PlyCount "91"]
[EventDate "2015.07.25"]
[EventType "swiss"]
[EventRounds "10"]
[EventCountry "DEN"]
[Source "ChessBase"]
[SourceDate "2015.09.14"]

1. d4 Nf6 2. c4 e6 3. Nc3 Bb4 4. Qc2 c5 5. dxc5 Bxc5 6. Nf3 h6 7. e3 Nc6 8. a3
a5 9. b3 b6 10. Bb2 Qe7 11. Na4 Rb8 12. Bd3 e5 13. Nc3 Bb7 14. Nd5 Qd6 15.
Nxf6+ Qxf6 16. Be4 Bd6 17. O-O O-O 18. Rfd1 Rfd8 19. Bc3 Bc7 20. b4 axb4 21.
axb4 Ne7 22. Ra7 Bxe4 23. Qxe4 Rbc8 24. b5 Ng6 25. h3 Qe6 26. Qd5 Qxd5 27. Rxd5
f6 28. Rb7 d6 29. Rd1 Nf8 30. Bb4 Ne6 31. Ra7 Bb8 32. Raa1 Rxc4 33. Rab1 Kf7
34. Nd2 Rcc8 35. Rbc1 d5 36. Nb3 Rxc1 37. Rxc1 d4 38. e4 Bd6 39. Bxd6 Rxd6 40.
Kf1 d3 41. Nd2 Rd7 42. Rc3 Nc5 43. f3 Rd4 44. Ke1 Rb4 45. Nc4 Kg6 46. Nxb6
1/2-1/2

[Event "37. Copenhagen Open (Politiken Cup)"]
[Site "Elsinore"]
[Date "2015.07.28"]
[Round "5"]
[White "Norlander, Svante"]
[Black "Berg Olsen, Sebastian N"]
[Result "1-0"]
[WhiteElo "1705"]
[BlackElo "1302"]
[PlyCount "43"]
[EventDate "2015.07.25"]
[EventType "swiss"]
[EventRounds "10"]
[EventCountry "DEN"]
[Source "ChessBase"]
[SourceDate "2015.09.14"]

1. e4 c5 2. f4 Nc6 3. Nf3 g6 4. Nc3 Bg7 5. g3 d6 6. Bg2 Nf6 7. d3 Bg4 8. Be3
Qb6 9. Qd2 Nd7 10. O-O Qxb2 11. Nd5 O-O 12. Rab1 Qa3 13. h3 Bxf3 14. Bxf3 e6
15. Nc7 Rac8 16. Nb5 Qa6 17. Nxd6 Rb8 18. c3 b6 19. e5 f6 20. Bxc6 Rfd8 21. Bb5
Qa5 22. Nc4 1-0

[Event "37. Copenhagen Open (Politiken Cup)"]
[Site "Elsinore"]
[Date "2015.07.28"]
[Round "5"]
[White "Olesen, Poul Erik Norgaard"]
[Black "Nordenbaek, Jan"]
[Result "1/2-1/2"]
[WhiteElo "1970"]
[BlackElo "2134"]
[PlyCount "114"]
[EventDate "2015.07.25"]
[EventType "swiss"]
[EventRounds "10"]
[EventCountry "DEN"]
[Source "ChessBase"]
[SourceDate "2015.09.14"]

1. e4 c5 2. Nf3 Nc6 3. d4 cxd4 4. Nxd4 Nf6 5. Nc3 e5 6. Ndb5 d6 7. Bg5 a6 8.
Na3 b5 9. Nd5 Be7 10. Nxe7 Nxe7 11. Bxf6 gxf6 12. c4 O-O 13. Bd3 Qa5+ 14. Qd2
Qxd2+ 15. Kxd2 Rd8 16. Ke2 f5 17. f3 fxe4 18. Bxe4 Rb8 19. Rhd1 Be6 20. cxb5
axb5 21. Bd3 b4 22. Nb5 f5 23. Kf2 d5 24. Rac1 Rd7 25. a4 bxa3 26. bxa3 d4 27.
a4 Kf7 28. Rd2 Kf6 29. Nc7 Nd5 30. Nxd5+ Bxd5 31. Bb5 Rg7 32. Rc5 Ke6 33. Bc4
Bxc4 34. Rxc4 Rb3 35. Rdc2 Rd7 36. Rc5 e4 37. fxe4 fxe4 38. Rh5 e3+ 39. Kf3
Rf7+ 40. Ke4 Rb4 41. Re5+ Kf6 42. Rc6+ Kg7 43. Rg5+ Kf8 44. Rc8+ Ke7 45. Rc7+
Kd6 46. Rxf7 e2 47. Rf6+ Ke7 48. Kf5 e1=Q 49. Rg7+ Ke8 50. Re6+ Qxe6+ 51. Kxe6
Kf8 52. Rxh7 Rxa4 53. Rf7+ Kg8 54. Rf3 Ra2 55. Rg3+ Kf8 56. Kf6 Rf2+ 57. Ke5 d3
1/2-1/2

[Event "37. Copenhagen Open (Politiken Cup)"]
[Site "Elsinore"]
[Date "2015.07.28"]
[Round "5"]
[White "Olsen, Aage Dalstrup"]
[Black "Sateren, Erlend"]
[Result "1-0"]
[WhiteElo "1735"]
[BlackElo "1400"]
[PlyCount "61"]
[EventDate "2015.07.25"]
[EventType "swiss"]
[EventRounds "10"]
[EventCountry "DEN"]
[Source "ChessBase"]
[SourceDate "2015.09.14"]

1. e4 c5 2. f4 Nc6 3. Nf3 d6 4. Nc3 Nf6 5. Bb5 Bd7 6. d3 a6 7. Bxc6 Bxc6 8. O-O
g6 9. Qe1 Bg7 10. Qh4 e6 11. Kh1 Nd7 12. Qh3 Qe7 13. Bd2 O-O-O 14. Rae1 Kb8 15.
Qg3 f5 16. Re2 Qf7 17. Ng5 Qf6 18. exf5 e5 19. Nge4 Qe7 20. fxg6 hxg6 21. Ref2
Rdf8 22. h3 Ka7 23. Kg1 exf4 24. Bxf4 Bd4 25. Bxd6 Qg7 26. Bxf8 Rxf8 27. Kh1
Bxf2 28. Rxf2 b5 29. Qc7+ Bb7 30. Nxc5 Nxc5 31. Qxc5+ 1-0

[Event "37. Copenhagen Open (Politiken Cup)"]
[Site "Elsinore"]
[Date "2015.07.28"]
[Round "5"]
[White "Olsen, Michael Richard W"]
[Black "Kunin, Vitaly L"]
[Result "0-1"]
[WhiteElo "2070"]
[BlackElo "2576"]
[PlyCount "88"]
[EventDate "2015.07.25"]
[EventType "swiss"]
[EventRounds "10"]
[EventCountry "DEN"]
[Source "ChessBase"]
[SourceDate "2015.09.14"]

1. Nf3 d5 2. g3 c5 3. Bg2 Nc6 4. O-O e5 5. d3 Be7 6. Nbd2 Nf6 7. c4 d4 8. Ne4
Nxe4 9. dxe4 Be6 10. b3 f6 11. h3 a6 12. Bd2 b5 13. Qc2 O-O 14. a3 Qd7 15. Kh2
Rab8 16. Ne1 bxc4 17. bxc4 Qb7 18. Nd3 Qb3 19. Rfc1 Qxc2 20. Rxc2 Rb3 21. f4
Rfb8 22. f5 Bf7 23. g4 Kf8 24. h4 Ke8 25. Bf3 h6 26. Kg3 Kd7 27. g5 hxg5 28.
hxg5 fxg5 29. Rcc1 Kd6 30. Kg4 Rh8 31. Kg3 Bf6 32. Rc2 Nb8 33. a4 Nc6 34. a5
Rhb8 35. Rh1 Nb4 36. Nxb4 cxb4 37. Kg4 Kc5 38. Bxg5 Rc3 39. Rb2 Bxg5 40. Kxg5
b3 41. Rh7 Kb4 42. Rxg7 Bxc4 43. Kf6 Rb5 44. Re7 Ka3 0-1

[Event "37. Copenhagen Open (Politiken Cup)"]
[Site "Elsinore"]
[Date "2015.07.28"]
[Round "5"]
[White "Opasiak, Dustin Tennessee"]
[Black "Skovgaard, Tom"]
[Result "0-1"]
[WhiteElo "1791"]
[BlackElo "2022"]
[PlyCount "108"]
[EventDate "2015.07.25"]
[EventType "swiss"]
[EventRounds "10"]
[EventCountry "DEN"]
[Source "ChessBase"]
[SourceDate "2015.09.14"]

1. Nf3 d5 2. g3 Nf6 3. Bg2 Bg4 4. O-O Nbd7 5. d3 Bxf3 6. Bxf3 c6 7. Nd2 g6 8.
e4 dxe4 9. dxe4 Bg7 10. Qe2 e5 11. Nc4 O-O 12. Rd1 Qc7 13. a4 Rfd8 14. Be3 Nb6
15. a5 Nxc4 16. Qxc4 Rxd1+ 17. Bxd1 Ne8 18. Bf3 Nd6 19. Qc5 Nb5 20. b4 Rd8 21.
c3 h5 22. Qc4 Bf8 23. Kg2 Rd7 24. Rd1 Rxd1 25. Bxd1 b6 26. axb6 axb6 27. Ba4
Na7 28. b5 Bc5 29. bxc6 Nxc6 30. Bxc5 Na5 31. Qd5 Qxc5 32. Be8 Qxd5 33. exd5
Kf8 34. Bb5 Nb7 35. Kf3 Nd6 36. Bd3 Ke7 37. c4 e4+ 38. Bxe4 Nxc4 39. Ke2 Kd6
40. f4 b5 41. Kd3 Kc5 42. Bf3 Nb6 43. f5 Nxd5 44. fxg6 fxg6 45. Ke4 Nc3+ 46.
Ke5 b4 47. Bg2 b3 48. Bf1 b2 49. Bd3 g5 50. h3 g4 51. hxg4 hxg4 52. Kf4 Kd4 53.
Bg6 Nd1 54. Kxg4 Nf2+ 0-1

[Event "37. Copenhagen Open (Politiken Cup)"]
[Site "Elsinore"]
[Date "2015.07.28"]
[Round "5"]
[White "Overgaard, Jorgen"]
[Black "Jorgensen, Morten"]
[Result "1-0"]
[WhiteElo "1800"]
[BlackElo "1602"]
[PlyCount "63"]
[EventDate "2015.07.25"]
[EventType "swiss"]
[EventRounds "10"]
[EventCountry "DEN"]
[Source "ChessBase"]
[SourceDate "2015.09.14"]

1. e4 g6 2. f4 e6 3. Nf3 Bg7 4. d4 d5 5. e5 Nc6 6. c3 b6 7. Be3 Nge7 8. Bd3 a5
9. Qe2 Nb8 10. g4 Ba6 11. h4 Bxd3 12. Qxd3 h5 13. g5 Nf5 14. Bf2 O-O 15. O-O
Nd7 16. Na3 c6 17. Nc2 Qc7 18. Ne3 c5 19. Nxf5 exf5 20. Qb5 Rfc8 21. Rfd1 a4
22. dxc5 Ra5 23. cxb6 Rxb5 24. bxc7 Rxc7 25. Rd2 Rc4 26. Nd4 Ra5 27. Ne2 Nxe5
28. fxe5 Bxe5 29. Bd4 Bb8 30. Rad1 Rc6 31. Bf6 Rc8 32. Rxd5 1-0

[Event "37. Copenhagen Open (Politiken Cup)"]
[Site "Elsinore"]
[Date "2015.07.28"]
[Round "5"]
[White "Pantzar, Milton"]
[Black "Fossan, Andreas"]
[Result "1-0"]
[WhiteElo "2098"]
[BlackElo "1840"]
[PlyCount "97"]
[EventDate "2015.07.25"]
[EventType "swiss"]
[EventRounds "10"]
[EventCountry "DEN"]
[Source "ChessBase"]
[SourceDate "2015.09.14"]

1. d4 d5 2. c4 c6 3. Nc3 Nf6 4. e3 a6 5. Nf3 Bf5 6. Nh4 Bg4 7. Qc2 e6 8. h3 Bh5
9. g4 Nfd7 10. Ng2 Bg6 11. Qb3 b5 12. cxd5 cxd5 13. Nf4 Nc6 14. Nxg6 hxg6 15.
Bg2 Bd6 16. Qd1 Rc8 17. Bd2 Nb6 18. b3 Nb4 19. a3 Nc6 20. Ne2 Qe7 21. a4 Nb4
22. O-O bxa4 23. bxa4 Nc4 24. Bxb4 Bxb4 25. Qd3 O-O 26. Rfc1 Rb8 27. e4 Nb6 28.
Qxa6 Rfd8 29. Qd3 Ra8 30. Rcb1 dxe4 31. Bxe4 Nd5 32. Qb3 Rab8 33. Qf3 Qc7 34.
Rc1 Qd6 35. Bxd5 Qxd5 36. Qxd5 Rxd5 37. Rc4 Ra5 38. Rb1 Rxa4 39. Nc3 Ra3 40.
Ne4 Ra4 41. Nc5 Ra3 42. Rcxb4 Rxb4 43. Rxb4 Rxh3 44. Kg2 Ra3 45. Ne4 Kf8 46.
Rb8+ Ke7 47. Rb7+ Kf8 48. Ng5 Rd3 49. Rxf7+ 1-0

[Event "37. Copenhagen Open (Politiken Cup)"]
[Site "Elsinore"]
[Date "2015.07.28"]
[Round "5"]
[White "Papp, Petra"]
[Black "Jepsen, Thomas Tange"]
[Result "1-0"]
[WhiteElo "2300"]
[BlackElo "2115"]
[PlyCount "65"]
[EventDate "2015.07.25"]
[EventType "swiss"]
[EventRounds "10"]
[EventCountry "DEN"]
[Source "ChessBase"]
[SourceDate "2015.09.14"]

1. e4 c6 2. d4 d5 3. Nd2 dxe4 4. Nxe4 Bf5 5. Ng3 Bg6 6. h4 h6 7. Nf3 Nd7 8. h5
Bh7 9. Bd3 Bxd3 10. Qxd3 e6 11. Bd2 Ngf6 12. O-O-O Bd6 13. Ne4 Nxe4 14. Qxe4
Nf6 15. Qe2 Qb6 16. c4 Qa6 17. Kb1 b5 18. Ne5 bxc4 19. Nxc4 O-O 20. g4 Rab8 21.
g5 Ba3 22. b3 hxg5 23. h6 g6 24. h7+ Nxh7 25. Rxh7 Kxh7 26. Rh1+ Kg7 27. Qe5+
f6 28. Qc7+ Be7 29. Qxe7+ Rf7 30. Qxe6 Rfb7 31. Kb2 Qa4 32. Rh3 Rd8 33. Bxg5
1-0

[Event "37. Copenhagen Open (Politiken Cup)"]
[Site "Elsinore"]
[Date "2015.07.28"]
[Round "5"]
[White "Pedersen, Carl Aage"]
[Black "Lundberg, Roland"]
[Result "0-1"]
[WhiteElo "1778"]
[BlackElo "1990"]
[PlyCount "90"]
[EventDate "2015.07.25"]
[EventType "swiss"]
[EventRounds "10"]
[EventCountry "DEN"]
[Source "ChessBase"]
[SourceDate "2015.09.14"]

1. d4 d5 2. c4 c6 3. cxd5 cxd5 4. Nf3 Nf6 5. Nc3 a6 6. e3 Nc6 7. h3 Bf5 8. Bd3
Bxd3 9. Qxd3 e6 10. a3 Be7 11. b4 O-O 12. O-O b5 13. Bb2 Rc8 14. Rac1 Qd6 15.
Rc2 Rc7 16. Rfc1 Rfc8 17. Qe2 Nd7 18. e4 Nb6 19. e5 Qd7 20. Qd3 Nc4 21. Nd1 a5
22. Nc3 Na7 23. Nd1 axb4 24. axb4 Bxb4 25. Qb3 Be7 26. Ne3 Rb7 27. Ne1 Nc6 28.
Nd3 N6a5 29. Qa2 Rcb8 30. Nxc4 Nxc4 31. Nc5 Bxc5 32. dxc5 b4 33. Re2 b3 34. Qb1
Qb5 35. Rc3 Qxc5 36. Qd3 Qb5 37. f4 Ra7 38. g4 Qb6+ 39. Kg2 Nxb2 40. Rxb2 Ra1
41. Qe3 Qxe3 42. Rxe3 Ra2 43. Rxa2 bxa2 44. Ra3 Rb2+ 45. Kg3 Kf8 0-1